00397nam a2200157Ia 4500001000500000005001700005008004100022041000800063082001500071100003700086245005700123260000900180300003400189650000800223654000800231993120260306161754.0260306t2010||||xx |||||||||||||| ||spa|| aESP a808.6bN61 aNiño Rojas, Victor MigueleAUT 0aLa aventura de escribir del pensamiento a la palabra c2010 axvii, 191 páginas :c24 cm. aGEN aCHU